Total potential source contribution function analysis of trace elements determined in aerosol samples collected near lake Huron /

Gorde:
Xehetasun bibliografikoak
Egile nagusia: Biegalski, S. R.
Beste egile batzuk: Hopke, P. K.
Formatua: Artikulua
Hizkuntza:English
Gaiak:
Etiketak: Etiketa erantsi
Etiketarik gabe, Izan zaitez lehena erregistro honi etiketa jartzen!
Thư viện lưu trữ: Thư viện Trường Đại học Đà Lạt
LEADER 00985nam a2200313 4500
001 DLU090094870
005 ##20091201
040 # # |a DLU  |b eng 
041 # # |a eng 
044 # # |a us 
100 # # |a Biegalski, S. R. 
245 # # |a Total potential source contribution function analysis of trace elements determined in aerosol samples collected near lake Huron /  |c S. R. Biegalski, P. K. Hopke. 
653 # # |a Aerosols 
653 # # |a Air pollution 
653 # # |a Anthropogenic factor 
653 # # |a Heavy metal 
653 # # |a Neutron activation analysis 
653 # # |a Trajectory 
700 # # |a Hopke, P. K. 
773 # # |t Environmental Science & Technology  |g Vol. 38, no. 16 (August 2004), p. 4276-4284 
920 # # |a Phòng Tạp chí -- Trung tâm Thông tin - Thư viện Trường Đại học Đà Lạt 
994 # # |a DLU 
900 # # |a True 
911 # # |a Trương Bảo Trâm Anh 
925 # # |a G 
926 # # |a A 
927 # # |a BB 
980 # # |a Thư viện Trường Đại học Đà Lạt